00910nam a22002417a 45000010005000000030004000050050017000090080041000260400018000670820013000851000030000982450090001282460024002182600098002423000029003404900042003695000021004115000021004326500030004539420015004839990015004989520155005132890HMS20251027121811.0251027e1941 ag |||gr|||| 00| f spa  ahmsbspachms04a800 C7871 aCoram, Petereautor9453710aCadena de crímenes /cPeter Coram ; versión castellana de Alfredo Leónh[libro]30aSequence of Murders aBuenos Aires, Argentina :bTalleres Gráficos Rodríguez Giles,bLibrería Hachette,c1941 a211 páginas ;c16 cm. 0 aBiblioteca de BolsilloaSerie Naranja aIncluye índice aTextos Completos 7aNovelas policiales 94538 2ddccCPn0 c2890d2890 00102ddc40708Col. Res.aBHMSbBHMScFull Spaced2025-10-27eDonacióni001271l0o800 C787 1941p001271r2025-10-27 09:30:00tc.1w2025-10-27yCP